Vývozní obchodní případ Dovozní obchodní případ

Enregistré dans:
Détails bibliographiques
Auteur principal: Janatka, František
Autres auteurs: Strnad, Antonín, Hándl, Jaroslav
Format: Livre
Langue:tchèque
Publié: Praha Československá obchodní a průmyslová komora 1988
Tags: Ajouter un tag
Pas de tags, Soyez le premier à ajouter un tag!

MARC

LEADER 00000nam a2200000 4500
001 c033193
005 20250515083734.0
041 0 |a cze 
044 |a CZ 
245 1 0 |a Vývozní obchodní případ  |b Dovozní obchodní případ  |c František Janatka, Antonín Strnad, Jaroslav Hándl 
264 1 |a Praha  |b Československá obchodní a průmyslová komora  |c 1988 
300 |a 259 s. 
100 1 |a Janatka, František 
700 1 |a Strnad, Antonín 
700 1 |a Hándl, Jaroslav